Normal view
MARC view
Entry Personal Name
001 - CONTROL NUMBER
- control field: 10739
003 - CONTROL NUMBER IDENTIFIER
- control field: BD-RjUL
005 - DATE AND TIME OF LATEST TRANSACTION
- control field: 20231227121148.0
008 - FIXED-LENGTH DATA ELEMENTS
- fixed length control field: 231227|| aca||aabn | a|a d
040 ## - CATALOGING SOURCE
- Original cataloging agency: BD-RjUL
- Transcribing agency: BD-RjUL
100 ## - HEADING--PERSONAL NAME
- Personal name: Austen, Jane
670 ## - SOURCE DATA FOUND
- Source citation: Work cat.: (BD-RjUL)82555: Austen, Jane, 1775-1817. 10738, The works of Jane Austen :, 1954.